| 000 | 00838nam a22002657a 4500 | ||
|---|---|---|---|
| 003 | CHAP | ||
| 005 | 20220329140438.0 | ||
| 008 | 971013s1982 r 00010 d | ||
| 010 | _a52075 | ||
| 011 | _a53047 | ||
| 035 | _a57197 | ||
| 040 | _cCHAP | ||
| 090 | _aFolleto 9210 | ||
| 110 |
_aWinrock International Livestock Research and Training Center _9122292 |
||
| 245 | _aReport of seminar economic research on mexican agriculture | ||
| 260 |
_aMorrilton : _bThe Center, _c1982 |
||
| 300 |
_a47 p. _b: ilus. |
||
| 590 |
_aBATCH-UPD _b10 _c20130110 _lUCH01 _h1828 |
||
| 590 |
_aBATCH-UPD _b10 _c20130410 _lUCH01 _h1200 |
||
| 590 |
_aCONVERSION _b10 _c20130109 _lUCH01 _h1328 |
||
| 650 | 1 | 4 |
_aAgricultura _xAspectos economicos _zMexico. _91312 |
| 901 | _aBK | ||
| 942 | _cFOLL | ||
| 949 |
_aFolleto 9210 _bBC _cFOLL _d-124568 _eTS1 _i57197 _mD _si |
||
| 999 |
_c52075 _d52075 |
||